Aircraft carriers of the U.S. Navy /

Bibliographic Details
Main Author: Terzibaschitsch, Stefan
Format: Book
Language:English
Published: New York : Mayflower Books, 1980.
Edition:1st American ed.
Subjects:

MARC

Tag First Indicator Second Indicator Subfields
LEADER 00000cam a2200000 a 4500
001 in00000095957
005 20150923173826.0
008 800614s1980 nyua b 00010 eng d
010 |a  79006341  
020 |a 0831701099 :  |c $35.00 
035 |a (OCoLC)06420251 
035 |9 AAK8344AM 
040 |a GZF  |c GZF  |d m.c.  |d TXA  |d UtOrBLW 
041 1 |a eng  |h ger 
043 |a n-us--- 
049 |a TXAM  |c [388723] 
090 |a TL725.8  |b .T4 
100 1 |a Terzibaschitsch, Stefan. 
240 1 0 |a Flugzeugträger der US Navy : Band 1 : Flottenflugzeugträger.  |l  English 
245 1 0 |a Aircraft carriers of the U.S. Navy /  |c Stefan Terzibaschitsch. 
250 |a 1st American ed. 
264 1 |a New York :  |b Mayflower Books,  |c 1980. 
300 |a 319 pages, 1 unnumbered page :  |b illustrations ;  |c 31 cm. 
336 |a text  |b txt  |2 rdacontent 
337 |a unmediated  |b n  |2 rdamedia 
338 |a volume  |b nc  |2 rdacarrier 
500 |a Translation of: Flugzeugtrager der US Navy : Band 1 : Flottenflugzeugtrager. 
504 |a Bibliography: page [320]. 
610 1 0 |a United States.  |b Navy. 
650 0 |a Aircraft carriers. 
999 |a MARS 
999 f f |s acb28f87-78f4-3ab8-968e-d616157688aa  |i 8ac63a17-117a-3fdb-9b6f-f18461fd2a14  |t 0 
952 f f |p ric  |a Texas A&M University  |b Rellis Campus  |c Joint Library Facility  |d Remote Storage  |t 0  |e TL725.8 .T4  |h Library of Congress classification  |i unmediated -- volume  |m A14806002243 
998 f f |a TL725.8 .T4  |t 0  |l Remote Storage